| 000 | 00497nam a2200169Ia 4500 | ||
|---|---|---|---|
| 008 | 151213s9999 xx 000 0 und d | ||
| 020 | _a81-7758568-1 | ||
| 100 | _aNeil H.E.Weste / David Harries | ||
| 245 |
_aCMOS VLSI Design / Circuits and Systems Perspective _cNeil H.E.Weste / David Harries |
||
| 250 | _a3rd | ||
| 260 |
_aNew Delhi _bPearson Education _c2006 |
||
| 300 | _a8200 p. | ||
| 650 | _aElectronics | ||
| 650 | _ascience | ||
| 700 | _aNeil H.E.Weste / David Harries | ||
| 999 |
_c4115 _d4115 |
||